| 000 | 00936cam a2200241 4500 | ||
|---|---|---|---|
| 001 | ABS68242 | ||
| 008 | 040930n2004 000 0 eng u | ||
| 035 | _a(Sirsi) u127585 | ||
| 100 | _aHill, D. | ||
| 245 | _aEcologists face busy future | ||
| 260 | _c2004 | ||
| 490 |
_aPlanning (for the Natural and Built Environment) _v(1587) 17 September 2004, 14(1) |
||
| 520 | _aNew regulations are making developers aware of ecological issues. Demand for ecological expertise has grown as development, overgrazing, agricultural intensification, farming systems and a lack of environmental management have increasingly affected the natural environment and biodiversity since 1945. | ||
| 590 | _aABS | ||
| 590 | _aABS | ||
| 650 | _aECOLOGICAL DEVELOPMENT | ||
| 650 | _aBIODIVERSITY | ||
| 650 | _aDEVELOPERS | ||
| 650 | _aNATURAL HABITATS | ||
| 650 | _aENVIRONMENTAL LEGISLATION | ||
| 690 | _aENVIRONMENT-MANAGEMENT | ||
| 942 | _n0 | ||
| 999 |
_c118093 _d118093 |
||